LEADER 00973nam a2200205 i 4500 001 000000212689 003 CaOOAMICUS 005 20231009143459.0 008 120424s1799 it u000 u ita u 026 $ao-n- o-ie ioo, gunu (3) 1799 (R) 040 $aSeMil$bita 100 0 $aHomerus,$d.$0(OLS)http://semarc/name/1139 245 10$aTomo 3. 300 $aviii, 419, [1] p. 500 $aSegn.: pg4 A-2B8 2C10 773 0 $aHomerus $tIliade d'Omero volgarizzata letteralmente in prosa e recata poeticamente in verso sciolto italiano dall'ab. Melchior Cesarotti ampiamente illustrata ... Tomo 1. [-10.].$bEdizione 2. riveduta ed ampliata dal traduttore stesso coll'aggiunta del testo greco$dIn Padova : A spese di Pietro Brandolese, 1798-1802.$g4$w()26655 850 $aSeMil 852 $aSeMil$W1$xVenegono$y1$m1Y III 83 FA$j163123$B163123$CSeMilBibl$Z2$F174249 $8I 996 $6245$aTomo 3$9(OLS)http://semarc/title/53129 LEADER 01893nam a2200241 i 4500 001 000000027885 003 CaOOAMICUS 005 20220128113012.0 008 180830s1687 it u000 u lat u 040 $aSeMil$bita 100 1 $aMauro, Silvestro,$d<1619-1687>.$0(OLS)http://semarc/name/5583 245 10$aOpus theologicum in tres tomos distributum in quo praecipua totius theologiae capita accuratè pertractantur. Authore p. Sylvestro Mauro Societatis Iesu ... Tomus 1. [-3.] ... Adiecto ad finem tertij tomi indice rerum notabilium. 260 $aRomae :$bTypis & sumptibus Nicolai Angeli Tinassij,$c1687. 300 $a3 v. ;$cfol. 500 $aIniz. xilogr. - Testo su due colonne. - Stemmi dei decatari sui front. stampati in rosso e nero. - Ritr. dell'A. nel vol.1. 650 4$aTeologia - Testi - Sec. 17.$0(OLS)http://semarc/subject/2241 700 1 $aTinassi, Nicolò Angelo,$c.$0(OLS)http://semarc/name/12694 774 0 $tTomus primus. Qui totam primam partem d. Thomae, ac multa alia continet, quorum indicem sequens pagina dabit.$g1$w()48639 774 0 $tTomus secundus. In quo agitur de beatitudine, & actibus humanis, de peccatis, de gratia, de virtutibus theologicis, de iustitia, ac de pluribus aliis, quorum indicem sequens pagina dabit.$g2$w()217893 774 0 $tTomus tertius. In quo agitur de Diuini Verbi Incarnatione, de sacramentis in genere, & in particulari, de Paenitentia, ac de pluribus alijs, quorum indicem sequens pagina dabit.$g3$w()217895 996 $6245$aOpus theologicum in tres tomos distributum in quo praecipua totius theologiae capita accuratè pertractantur. Authore p. Sylvestro Mauro Societatis Iesu ... Tomus 1. [-3.] ... Adiecto ad finem tertij tomi indice rerum notabilium$9(OLS)http://semarc/title/37794 996 $6260$aRomae :$bTypis & sumptibus Nicolai Angeli Tinassij$9(OLS)http://semarc/publisher/37505